000 00933cam a22002897a 4500
003 CHAP
005 20220817042123.0
008 971013s1959 r 00010 d
010 _a35321
011 _a36293
035 _a40412
040 _cCHAP
082 _a339.49
_bO7
100 0 0 _aOrfila, Ricardo Néxtor.
_983509
245 1 4 _aLos parques nacionales y la protección de la naturaleza
260 _aMontevideo :
_bComisión Nacional Protectora de la Fauna Indígena,
_c1959
300 _a50 p.
_b: ilus.
590 _aBATCH-UPD
_b10
_c20130110
_lUCH01
_h1949
590 _aBATCH-UPD
_b10
_c20130410
_lUCH01
_h1311
590 _aBATCH-UPD
_b10
_c20130914
_lUCH01
_h1901
590 _aCONVERSION
_b10
_c20130109
_lUCH01
_h1320
650 1 4 _aParques nacionales.
_985696
650 1 4 _aRecursos naturales
_xConservación.
901 _aBK
942 _cLIBRO
949 _a339.49 O7
_bBC
_cLIBRO
_d33724000380473
_eLIBRO
_h6851
_i40412
_si
999 _c35321
_d35321